000 00452nam a2200133 4500
999 _c14243
_d14243
008 190906b ||||| |||| 00| 0 eng d
082 _aDPer 050 T48 Apr - June 2016, v. 187 n. 12-24
100 _939403
_aEadicicco, Lisa.
245 _aA new push for city commuters on two wheels/
_cLisa Eadicicco.
260 _aHong Kong:
_bTime Asia,
_cc2016.
300 _av187 n22, page 20:
_billustrations;
_c27 cm.
650 _aBicycles.
_940026
942 _2ddc
_cPER